Statistics for MLB American League Champions

Click here to take the quiz!

General Stats

  • This quiz has been taken 131 times
    (122 since last reset)
  • The average score is 75 of 120

Answer Stats

YearTeam% Correct
2023Texas Rangers
97%
2022Houston Astros
95%
2021Houston Astros
94%
2018Boston Red Sox
92%
2019Houston Astros
91%
2017Houston Astros
91%
2015Kansas City Royals
87%
2020Tampa Bay Rays
86%
2009New York Yankees
85%
2001New York Yankees
83%
2007Boston Red Sox
82%
2013Boston Red Sox
82%
2016Cleveland Indians
82%
1998New York Yankees
82%
1999New York Yankees
82%
2000New York Yankees
82%
2004Boston Red Sox
81%
2005Chicago White Sox
80%
2011Texas Rangers
80%
2012Detroit Tigers
79%
2014Kansas City Royals
79%
2003New York Yankees
79%
2010Texas Rangers
78%
1996New York Yankees
76%
2002Anahiem Angels
75%
2008Tampa Bay Rays
72%
1992Toronto Blue Jays
72%
1997Cleveland Indians
71%
1993Toronto Blue Jays
71%
1991Minnesota Twins
70%
2006Detroit Tigers
68%
1990Oakland Athletics
68%
1989Oakland Athletics
68%
1995Cleveland Indians
67%
1986Boston Red Sox
66%
1987Minnesota Twins
66%
1988Oakland Athletics
66%
1985Kansas City Royals
63%
1978New York Yankees
63%
1977New York Yankees
63%
1976New York Yankees
62%
1962New York Yankees
62%
1960New York Yankees
61%
1963New York Yankees
61%
1964New York Yankees
61%
1974Oakland Athletics
61%
1972Oakland Athletics
61%
1936New York Yankees
60%
1927New York Yankees
60%
1932New York Yankees
60%
1961New York Yankees
60%
1926New York Yankees
60%
1937New York Yankees
60%
1938New York Yankees
60%
1973Oakland Athletics
60%
1951New York Yankees
59%
1939New York Yankees
59%
1928New York Yankees
59%
1952New York Yankees
59%
1950New York Yankees
59%
1953New York Yankees
59%
1955New York Yankees
59%
1956New York Yankees
59%
1970Baltimore Orioles
58%
1969Baltimore Orioles
58%
1983Baltimore Orioles
58%
1971Baltimore Orioles
58%
1984Detroit Tigers
58%
1982Milwaukee Brewers
58%
1923New York Yankees
58%
1947New York Yankees
58%
1922New York Yankees
58%
1941New York Yankees
58%
1949New York Yankees
58%
1921New York Yankees
58%
1957New York Yankees
58%
1981New York Yankees
58%
1958New York Yankees
58%
1966Baltimore Orioles
57%
1943New York Yankees
57%
1942New York Yankees
57%
1915Boston Red Sox
56%
1979Baltimore Orioles
55%
1918Boston Red Sox
55%
1975Boston Red Sox
55%
1919Chicago White Sox
55%
1904Boston Americans
54%
1903Boston Americans
54%
1912Boston Red Sox
54%
1916Boston Red Sox
54%
1954Cleveland Indians
54%
1968Detroit Tigers
54%
1967Boston Red Sox
53%
1948Cleveland Indians
53%
1935Detroit Tigers
53%
1934Detroit Tigers
52%
1907Detroit Tigers
52%
1908Detroit Tigers
52%
1909Detroit Tigers
52%
1980Kansas City Royals
52%
1965Minnestoa Twins
52%
1959Chicago White Sox
51%
1946Boston Red Sox
50%
1911Philadelphia Athletics
50%
1914Philadelphia Athletics
50%
1906Chicago White Sox
49%
1931Philadelphia Athletics
49%
1913Philadelphia Athletics
49%
1905Philadelphia Athletics
49%
1910Philadelphia Athletics
49%
1917Chicago White Sox
48%
1945Detroit Tigers
48%
1940Detroit Tigers
48%
1929Philadelphia Athletics
48%
1930Philadelphia Athletics
47%
1920Cleveland Indians
43%
1933Washington Senators
41%
1924Washington Senators
40%
1925Washington Senators
40%
1944St. Louis Browns
36%

Score Distribution

Percentile by Number Answered

Percent of People with Each Score

Your Score History

You have not taken this quiz since the last reset